| Tag |
First Indicator |
Second Indicator |
Subfields |
| LEADER |
00000cam a2200000 4500 |
| 001 |
in00000043819 |
| 005 |
20151007065002.0 |
| 008 |
761228s1912 nyu 00000 eng |
| 010 |
|
|
|a 12010662
|
| 035 |
|
|
|a (OCoLC)02650884
|
| 035 |
|
|
|9 AAE1028AM
|
| 040 |
|
|
|a DLC
|c TOL
|d TXA
|d UtOrBLW
|
| 049 |
|
|
|a TXAM
|c [9459]
|
| 050 |
0 |
0 |
|a JK1761
|b .F6 1912
|
| 092 |
|
|
|a 394.268
|b S313f
|
| 100 |
1 |
|
|a Schauffler, Robert Haven,
|d 1879-1964.
|
| 245 |
1 |
0 |
|a Flag day; its history, origin, and celebration as related in song and story /
|c ed. by Robert Haven Schauffler.
|
| 264 |
|
1 |
|a New York :
|b Moffat, Yard and company,
|c 1912.
|
| 300 |
|
|
|a 2 pages ., 7-225 pages ;
|c 19 cm.
|
| 336 |
|
|
|a text
|b txt
|2 rdacontent
|
| 337 |
|
|
|a unmediated
|b n
|2 rdamedia
|
| 338 |
|
|
|a volume
|b nc
|2 rdacarrier
|
| 490 |
1 |
|
|a Our American holidays
|
| 500 |
|
|
|a Series title also at head of t.-p.
|
| 500 |
|
|
|a Published in 1917, with different prefactory material, under title: Our flag in verse and prose.
|
| 650 |
|
0 |
|a Flag Day.
|
| 830 |
|
0 |
|a Our American holidays.
|
| 999 |
|
|
|a MARS
|
| 999 |
f |
f |
|s 18a05694-2411-3069-8fee-3cf857268526
|i ad6d5fc6-e8bd-36ee-ada0-688b23728137
|t 0
|
| 952 |
f |
f |
|p ric
|a Texas A&M University
|b Rellis Campus
|c Joint Library Facility
|d Remote Storage
|t 0
|e JK1761 .F6 1912
|h Library of Congress classification
|i unmediated -- volume
|m A14800885342
|
| 998 |
f |
f |
|a JK1761 .F6 1912
|t 0
|l Remote Storage
|